01762aab a2200193 i 4500001001000000003001000010005001700020008004100037040003000078041000800108100002600116245008600142300005000228520117000278630001201448773008301460942000801543999001701551768714001CO-MdFUSB20221116151810.0221116s2002 sp ||||| |||| 00| 0 spa d bporcCO-MdFUSBdCO-MdFUSB aspa1 aRichard, Pabloeautor10aLos diferentes rostros de Jesús en los evangelios sinópticosc/ Pablo Richard aNúmero 294 (2002), Páginas 49-56c; 21 cm aHay una antigua tradición en la iglesia que busca definir símbolos de fe o credos. En el siglo IV, después de muchas confrontaciones, se llegó a dos credos fundamentales: el llamado "Credo de los apóstoles" y el "Credo Nicenoconstatinopolitano". La composición de estos credos fue históricamente necesaria para definir claramente la doctrina ortodoxa en contra de las herejías. Estos credos han orientado por los siglos los catecismo y los tratados de teología. El Jesús que aquí parece está claramente definido, filosófica y teológicamente, pero es un Jesús sin rostro. La evangelización, el encuentro con Jesús y el seguimiento de Jesús en la actualidad no pueden tener como referencia los credos tradicionales. En la diversidad de tradiciones históricas de este credo evangelizador podremos encontrar los diferentes rostros de Cristo. Este credo de los cuatro evangelios es un texto vivo y abierto, donde nosotros también podemos entrar, para crear en su interior nuevos sentidos y significados. En este artículo buscaremos la diversidad de rostros del Jesús histórico y del Jesús según Marcos, Mateo y Lucas.07aBiblia.0 tConcilium049450960418gNúmero 294 (2002), Páginas 49-56qPáginas 49-56 cANA c49973d49973